Independent component analysis

Αποθηκεύτηκε σε:
Λεπτομέρειες βιβλιογραφικής εγγραφής
Κύριος συγγραφέας: Huvarinen, Aapo
Άλλοι συγγραφείς: Karhunen, Juha, Oja, Erkki
Μορφή: Βιβλίο
Γλώσσα:English
Δημοσίευση: New York, NY : Wiley, c2001
Σειρά:Adaptive and learning systems for signal processing, communications, and control
Θέματα:
Ετικέτες: Προσθήκη ετικέτας
Δεν υπάρχουν, Καταχωρήστε ετικέτα πρώτοι!

MARC

LEADER 00000nam a2200000 i 4500
001 1/74379
008 050324s2001 eng d
020 |a 0-471-40540-X (hbk.) 
035 |l 10077366 
040 |a GR-MY-UA  |b gre  |e aacr 
041 0 |a eng 
082 0 |a 519.535  |2 (21) 
100 1 |a Huvarinen, Aapo. 
245 1 0 |a Independent component analysis /  |c Aapo Hyvarinen; Juha Karhunen; Erkki Oja 
260 |a New York, NY :   |b Wiley,   |c c2001 
300 |a xxi, 481 σ.;  |c 24 εκ. 
490 1 |a Adaptive and learning systems for signal processing, communications, and control 
504 |a Περιλαμβάνει βιβλιογραφικές αναφορές και ευρετήριο 
650 0 0 |a Multivariate analysis. 
650 0 0 |a Principal components analysis. 
700 1 |a Karhunen, Juha. 
700 1 |a Oja, Erkki. 
830 0 |a Adaptive and learning systems for signal processing, communications, and control 
852 |a INST  |b CHIOS  |e 20050324  |h 519.535 HYV  |p 005200022507  |q 005200022507  |t BK  |y 0 
901 |a BIBL2-2005-1 
909 |a Χ  |b 112415 
920 |a ΔΙΕΥΡΥΝΣΗ  |b ΕΠΕΑΕΚ-ΤΜΟΔ  |y ΧΙΟΣ  |z 2004-12 
970 |a ΣΑΛΑΜΟΥΡΑ  |b ΜΑΡΙΑ  |z 2005/03/24